Introduction to New and True Hieroglyphs

محفوظ في:

المؤلف الرئيسي: Ossama Alsaadawi

التنسيق: كتاب

اللغة: Undetermined

منشور في: Alexandria 1999

الوسوم: إضافة وسم

لا توجد وسوم, كن أول من يضع وسما على هذه التسجيلة!

رقم الطلب:

LEADER 00284nam a2200109Ia 4500
008 240503s9999||||xx |||||||||||||| ||und||
100 1 |a Ossama Alsaadawi 
245 1 0 |a Introduction to New and True Hieroglyphs 
264 1 |a Alexandria   |c 1999 
300 |a volumes  |c 24 
942 |2 lcc  |c BK 
999 |c 58320  |d 58320